[Event "Spanish League 2011"]
[Site "Melilla ESP"]
[Date "2011.11.25"]
[Round "6"]
[White "Ganguly, S."]
[Black "Shirov, A."]
[Result "1/2-1/2"]
[WhiteElo "2625"]
[BlackElo "2705"]
[PlyCount "53"]
[EventDate "2011.11.21"]
[WhiteTeam "CA Solvay"]
[BlackTeam "Gros Xake Taldea"]

1. d4 d5 2. c4 c6 3. Nf3 Nf6 4. Nc3 e6 5. Bg5 dxc4 6. e4 b5 7. e5 h6 8. Bh4 g5
9. Nxg5 hxg5 10. Bxg5 Nbd7 11. g3 Bb7 12. Bg2 Qb6 13. exf6 O-O-O 14. O-O c5 15.
d5 b4 16. Na4 Qa6 17. a3 Bxd5 18. Bxd5 Ne5 19. axb4 Rxd5 20. Qe2 cxb4 21. Nc3
Qd6 22. Rxa7 bxc3 23. Ra8+ Kd7 24. Ra7+ Ke8 25. Ra8+ Kd7 26. Ra7+ Ke8 27. Ra8+
1/2-1/2

[Event "Spanish League 2011"]
[Site "Melilla ESP"]
[Date "2011.11.25"]
[Round "6"]
[White "Bacrot, E."]
[Black "Negi, P."]
[Result "1/2-1/2"]
[WhiteElo "2714"]
[BlackElo "2617"]
[PlyCount "67"]
[EventDate "2011.11.21"]
[WhiteTeam "Gros Xake Taldea"]
[BlackTeam "CA Solvay"]

1. d4 d5 2. c4 c6 3. Nc3 Nf6 4. e3 e6 5. Nf3 Nbd7 6. Qc2 Bd6 7. Bd3 O-O 8. O-O
dxc4 9. Bxc4 b5 10. Bd3 Bb7 11. Rd1 Rc8 12. a3 a5 13. Ng5 h6 14. Nge4 Be7 15.
Nxf6+ Nxf6 16. Qe2 Nd7 17. b3 b4 18. axb4 Bxb4 19. Na4 Qe7 20. Be4 f5 21. Bf3
e5 22. dxe5 Nxe5 23. Bb2 Nxf3+ 24. Qxf3 c5 25. Qg3 c4 26. bxc4 Rxc4 27. h3 Rc6
28. Rac1 Kh7 29. Rxc6 Bxc6 30. Nb6 Rf7 31. Nc4 Ba4 32. Rc1 Qe6 33. Qf4 Bb5 34.
Ne5 1/2-1/2

[Event "Spanish League 2011"]
[Site "Melilla ESP"]
[Date "2011.11.26"]
[Round "7"]
[White "Dominguez Perez, L."]
[Black "Ponomariov, R."]
[Result "1/2-1/2"]
[WhiteElo "2712"]
[BlackElo "2723"]
[PlyCount "60"]
[EventDate "2011.11.21"]
[WhiteTeam "CA Sestao Naturgas Energia"]
[BlackTeam "Gros Xake Taldea"]

1. e4 e5 2. Nf3 Nc6 3. Bb5 Nf6 4. O-O Nxe4 5. Re1 Nd6 6. Nxe5 Be7 7. Bf1 Nxe5
8. Rxe5 O-O 9. d4 Bf6 10. Re1 Nf5 11. c3 d5 12. Bf4 c6 13. Nd2 Nh4 14. Bg3 Bf5
15. Nb3 Ng6 16. Nc5 b6 17. Nd3 Qd7 18. Qd2 Rfe8 19. Rxe8+ Rxe8 20. Re1 h5 21.
Rxe8+ Qxe8 22. Qe2 Qc8 23. h3 h4 24. Bh2 c5 25. dxc5 bxc5 26. Qf3 c4 27. Nf4
Be4 28. Qe3 Qb7 29. Nxg6 Bxg6 30. Qd2 Bd3 1/2-1/2

[Event "Spanish League 2011"]
[Site "Melilla ESP"]
[Date "2011.11.26"]
[Round "7"]
[White "Shirov, A."]
[Black "Vachier Lagrave, M."]
[Result "0-1"]
[WhiteElo "2705"]
[BlackElo "2710"]
[PlyCount "76"]
[EventDate "2011.11.21"]
[WhiteTeam "Gros Xake Taldea"]
[BlackTeam "CA Sestao Naturgas Energia"]

1. e4 c5 2. Nf3 d6 3. d4 cxd4 4. Nxd4 Nf6 5. Nc3 a6 6. h3 e5 7. Nde2 h5 8. g3
Be6 9. Bg2 Nbd7 10. f4 b5 11. b3 Nb6 12. Bb2 Qc7 13. Qd2 Rc8 14. a3 Be7 15.
O-O-O O-O 16. f5 Bd7 17. g4 Nh7 18. Kb1 a5 19. Nd5 Nxd5 20. exd5 b4 21. a4 h4
22. Ng1 e4 23. Bxe4 Bg5 24. Qf2 Rfe8 25. Bd3 Bf6 26. Ne2 Bxb2 27. Kxb2 Nf6 28.
Bc4 Bxa4 29. g5 Ne4 30. Qxh4 Bb5 31. Rd4 Bxc4 32. bxc4 Qe7 33. Ng3 Qe5 34. Qxe4
Qxg3 35. Qd3 Re3 36. Qd1 Qe5 37. Kb1 b3 38. cxb3 Rb8 0-1

[Event "Spanish League 2011"]
[Site "Melilla ESP"]
[Date "2011.11.26"]
[Round "7"]
[White "Giri, A."]
[Black "Bacrot, E."]
[Result "1-0"]
[WhiteElo "2714"]
[BlackElo "2714"]
[PlyCount "169"]
[EventDate "2011.11.21"]
[WhiteTeam "CA Sestao Naturgas Energia"]
[BlackTeam "Gros Xake Taldea"]

1. e4 e5 2. Nf3 Nc6 3. Bc4 Bc5 4. O-O Nf6 5. d3 O-O 6. Nbd2 d5 7. exd5 Nxd5 8.
Ne4 Be7 9. Re1 Bg4 10. c3 Nb6 11. Bb3 Qd7 12. a4 a5 13. h3 Be6 14. Be3 Nd5 15.
Nc5 Bxc5 16. Bxc5 Rfd8 17. Nxe5 Nxe5 18. Rxe5 Nf4 19. Re4 Bxb3 20. Qxb3 Ne6 21.
Ba3 c5 22. Rd1 Qc6 23. Qc4 Rd5 24. Rde1 Rad8 25. R1e3 h6 26. Re5 Rxe5 27. Rxe5
b6 28. b3 Qd7 29. Re3 Rb8 30. Qb5 Qc7 31. Bc1 Rd8 32. Qc4 Qf4 33. g3 Qf5 34.
Kg2 Ng5 35. h4 Ne6 36. Bd2 Qg6 37. Re4 Nc7 38. b4 Qc6 39. bxa5 bxa5 40. Kh2 Ne6
41. Re3 Qb7 42. Qb5 Qa8 43. Qc4 Qb7 44. Qb5 Qa8 45. Qb1 Rb8 46. Qa2 Rb6 47. Bc1
Qb7 48. Re2 Qf3 49. Be3 Qb7 50. d4 cxd4 51. cxd4 Rb3 52. Rc2 Nf8 53. d5 Ng6 54.
Rc8+ Kh7 55. Qc2 Qxd5 56. Rc5 Qd3 57. Qxd3 Rxd3 58. Rxa5 Ne7 59. Ra7 Nf5 60.
Bb6 Kg6 61. a5 Ra3 62. a6 Ra4 63. Ra8 Nd6 64. a7 Nb5 65. Be3 Ra3 66. Kg2 h5 67.
Kf1 f6 68. Ke2 Kf5 69. Kd2 g6 70. Kc2 Kg4 71. Rf8 Nxa7 72. Rxf6 Nb5 73. Rxg6+
Kf3 74. Rg5 Nd6 75. Bc5 Ra2+ 76. Kb3 Rd2 77. Bxd6 Rxd6 78. Rxh5 Kxf2 79. Rg5
Ke3 80. Kc4 Ke4 81. h5 Rc6+ 82. Kb5 Rc1 83. Kb6 Kd4 84. Kb7 Ke4 85. g4 1-0

[Event "Spanish League 2011"]
[Site "Melilla ESP"]
[Date "2011.11.26"]
[Round "7"]
[White "Harikrishna, P."]
[Black "Dreev, A."]
[Result "1/2-1/2"]
[WhiteElo "2673"]
[BlackElo "2710"]
[PlyCount "95"]
[EventDate "2011.11.21"]
[WhiteTeam "CA Solvay"]
[BlackTeam "CA Reverte Albox"]

1. d4 d5 2. c4 c6 3. Nf3 Nf6 4. Nc3 e6 5. Bg5 Nbd7 6. Qb3 Be7 7. e3 O-O 8. Bd3
dxc4 9. Qxc4 c5 10. O-O cxd4 11. Qxd4 h6 12. Bh4 b6 13. Rfd1 Bb7 14. Bb5 Nc5
15. b4 Na6 16. a3 Rc8 17. Rac1 Nb8 18. Bf1 Qxd4 19. Nxd4 Rfd8 20. f3 Nd5 21.
Bxe7 Nxe7 22. Ncb5 Rxc1 23. Rxc1 Nec6 24. Nb3 Kf8 25. f4 a6 26. N5d4 Nxd4 27.
Nxd4 Rc8 28. Rxc8+ Bxc8 29. e4 Bb7 30. e5 Ke7 31. Kf2 f6 32. exf6+ Kxf6 33. Nf3
Nc6 34. Nd2 e5 35. Nc4 b5 36. Nd6 Ba8 37. Ne4+ Kf5 38. Nc5 exf4 39. Bd3+ Ke5
40. Be4 a5 41. bxa5 Kd6 42. Nd3 g5 43. g3 fxg3+ 44. Kxg3 Bb7 45. Bxc6 Bxc6 46.
Kg4 Be4 47. Nb4 Bg6 48. h4 1/2-1/2

[Event "Spanish League 2011"]
[Site "Melilla ESP"]
[Date "2011.11.26"]
[Round "7"]
[White "Fedorchuk, S."]
[Black "Vallejo Pons, F."]
[Result "1/2-1/2"]
[WhiteElo "2632"]
[BlackElo "2705"]
[PlyCount "68"]
[EventDate "2011.11.21"]
[WhiteTeam "Cajacanarias"]
[BlackTeam "Colegio Marcote-EIKM"]

1. e4 e6 2. d4 d5 3. Nd2 Nf6 4. e5 Nfd7 5. Bd3 c5 6. c3 Nc6 7. Ne2 cxd4 8. cxd4
f6 9. exf6 Nxf6 10. Nf3 Bd6 11. O-O O-O 12. Bf4 Bxf4 13. Nxf4 Ng4 14. Nh5 e5
15. dxe5 Ngxe5 16. Nxe5 Nxe5 17. Be2 d4 18. f4 Nc6 19. Qb3+ Kh8 20. f5 Qe7 21.
Ng3 a5 22. Rae1 a4 23. Qb6 a3 24. Bc4 Qb4 25. Qxb4 Nxb4 26. bxa3 Nc2 27. Re7
Ne3 28. f6 g6 29. Ne4 h6 30. Rc1 Bf5 31. Bb3 Bxe4 32. Rxe4 Rxf6 33. Rxd4 Raf8
34. h3 Rf2 1/2-1/2

[Event "71st Italian Championship"]
[Site "Perugia"]
[Date "2011.11.30"]
[Round "1"]
[White "Caruana, F."]
[Black "Bruno, F."]
[Result "1-0"]
[WhiteElo "2727"]
[BlackElo "2437"]
[PlyCount "117"]
[EventDate "2011.??.??"]

1. e4 e6 2. d4 d5 3. Nc3 Bb4 4. e5 c5 5. a3 Bxc3+ 6. bxc3 Ne7 7. h4 Nbc6 8. Nf3
Qa5 9. Bd2 Qa4 10. h5 h6 11. Rh4 c4 12. Rf4 Bd7 13. g3 Rf8 14. Bh3 O-O-O 15.
Nh4 Rde8 16. Kf1 Nd8 17. Kg1 Rg8 18. Rf3 Ref8 19. Kh2 Ndc6 20. Ng2 Kb8 21. g4
Rh8 22. Be3 Nc8 23. Rg3 a6 24. Qd2 Nb6 25. Nf4 Bc8 26. Ne2 Na7 27. f4 Nb5 28.
f5 Ka8 29. f6 gxf6 30. Bxh6 fxe5 31. Bxf8 Rxf8 32. dxe5 Nd7 33. Re3 Nc5 34. Bg2
Rg8 35. h6 Qa5 36. a4 Rh8 37. g5 Na7 38. Nd4 Qc7 39. Qf2 Rh7 40. Qf4 Bd7 41.
Rg3 Be8 42. Rf1 Nc8 43. Bf3 Ne7 44. Bh5 Qd7 45. Rgf3 Ne4 46. a5 Ng8 47. Re3 Qe7
48. Rg1 Rh8 49. Bf3 Nc5 50. Kg2 Nd7 51. Rh1 Nf8 52. Bh5 Rh7 53. Rf3 Nd7 54. Rg3
Nf8 55. Rf1 Qd7 56. g6 Nxg6 57. Bxg6 fxg6 58. Qf8 Nxh6 59. Rh1 1-0

[Event "71st Italian Championship"]
[Site "Perugia"]
[Date "2011.12.01"]
[Round "2"]
[White "Brunello, S."]
[Black "Caruana, F."]
[Result "1/2-1/2"]
[WhiteElo "2575"]
[BlackElo "2727"]
[PlyCount "152"]
[EventDate "2011.??.??"]

1. d4 Nf6 2. c4 c5 3. d5 b5 4. cxb5 a6 5. bxa6 g6 6. Nc3 Bxa6 7. Nf3 d6 8. e4
Bxf1 9. Kxf1 Bg7 10. g3 O-O 11. Kg2 Nbd7 12. a4 Qa5 13. Ra3 Nb6 14. e5 Ng4 15.
exd6 exd6 16. Nb5 Rad8 17. Qb3 Rd7 18. Rd1 Nf6 19. Nc3 Rb8 20. Bf4 h6 21. h3
Rdd8 22. Qb5 Qxb5 23. axb5 Nc4 24. Ra2 Ne8 25. Bc1 Nc7 26. Ra4 Nb6 27. Ra7 Bxc3
28. Rxc7 Bg7 29. Nd2 Nxd5 30. Ra7 Rxb5 31. Nc4 Rb4 32. Na5 Rd4 33. Rxd4 cxd4
34. Nc4 Rc8 35. b3 Nb6 36. Nxb6 Rxc1 37. Ra8+ Kh7 38. Ra2 Rc3 39. b4 d3 40. Rd2
Rb3 41. Nd5 h5 42. Nf4 Rxb4 43. Rxd3 Be5 44. Nd5 Rd4 45. Rxd4 Bxd4 46. g4 Kg7
47. gxh5 gxh5 48. Kf3 Kg6 49. Nf4+ Kg5 50. Nd3 Bc5 51. Ne1 d5 52. Nd3 Bd6 53.
Ne1 Kf6 54. Nd3 Kf5 55. Ke3 Bc7 56. Kf3 Be5 57. Ke3 Bc3 58. Kf3 Bd2 59. Ke2 Bh6
60. Kf3 Bg5 61. Nb4 Ke5 62. Nc6+ Ke6 63. Nb4 Ke5 64. Nc6+ Kd6 65. Nb4 Kc5 66.
Nd3+ Kd4 67. Ke2 Bh6 68. Ne1 Ke4 69. Nd3 Bf8 70. Ne1 Bc5 71. Nd3 Bb6 72. Ne1 f5
73. Nd3 f4 74. f3+ Kf5 75. Kf1 Be3 76. Nb4 Ke5 1/2-1/2

[Event "71st Italian Championship"]
[Site "Perugia"]
[Date "2011.12.02"]
[Round "3"]
[White "Caruana, F."]
[Black "Rombaldoni, A."]
[Result "1-0"]
[WhiteElo "2727"]
[BlackElo "2459"]
[PlyCount "125"]
[EventDate "2011.??.??"]

1. d4 Nf6 2. c4 g6 3. Nc3 d5 4. Bg5 Ne4 5. Bh4 Nxc3 6. bxc3 c5 7. e3 Bg7 8. Nf3
cxd4 9. cxd4 Nc6 10. cxd5 Qxd5 11. Be2 e5 12. dxe5 Qa5+ 13. Qd2 Qxd2+ 14. Kxd2
Nxe5 15. Rab1 Nc6 16. Rhc1 O-O 17. Bd3 Re8 18. h3 h6 19. g4 Be6 20. Bc4 Na5 21.
Bxe6 Rxe6 22. Rc7 Re4 23. Rbc1 Ra4 24. R1c2 b5 25. Ke2 Nc4 26. Nd2 Nxd2 27.
Rxd2 b4 28. Be7 a5 29. h4 Rb8 30. g5 Rxa2 31. Rxa2 b3 32. Rd2 b2 33. Rd1 b1=Q
34. Rxb1 Rxb1 35. f4 Rh1 36. gxh6 Bxh6 37. Ra7 Ra1 38. Kf3 Bg7 39. e4 Rf1+ 40.
Kg3 Rg1+ 41. Kh3 Rf1 42. Bd6 Rh1+ 43. Kg4 Rg1+ 44. Kf3 Rh1 45. Ra8+ Kh7 46. Kg3
Rg1+ 47. Kf2 Rd1 48. e5 Bf6 49. Ke2 Rd5 50. Rf8 Bxh4 51. Rxf7+ Kg8 52. Ra7 Bg3
53. Kf3 Rd3+ 54. Ke4 Rd4+ 55. Kxd4 Bf2+ 56. Kd5 Bxa7 57. e6 Bf2 58. Kc6 Bh4 59.
Kd7 Kh7 60. Be7 Bf2 61. Bd8 g5 62. e7 Bb6 63. Bxb6 1-0

[Event "71st Italian Championship"]
[Site "Perugia"]
[Date "2011.12.03"]
[Round "4"]
[White "Genocchio, D."]
[Black "Caruana, F."]
[Result "1/2-1/2"]
[WhiteElo "2440"]
[BlackElo "2727"]
[PlyCount "70"]
[EventDate "2011.??.??"]

1. e4 c5 2. Nf3 e6 3. d4 cxd4 4. Nxd4 a6 5. Nc3 Qc7 6. g3 Bb4 7. Nde2 Be7 8.
Bg2 Nf6 9. O-O d6 10. h3 Nc6 11. a4 Rb8 12. g4 Nd7 13. Ng3 b5 14. axb5 axb5 15.
f4 O-O 16. g5 b4 17. Nce2 b3 18. c3 Re8 19. f5 Bf8 20. Nf4 Nce5 21. h4 Bb7 22.
h5 exf5 23. exf5 Qc5+ 24. Kh1 Bxg2+ 25. Kxg2 Nc4 26. g6 Nf6 27. gxf7+ Kxf7 28.
h6 gxh6 29. Kh3 Ne3 30. Bxe3 Rxe3 31. Rf3 Be7 32. Ra5 Qb6 33. Ra6 Qc5 34. Ra5
Qb6 35. Ra6 Qc5 1/2-1/2

[Event "3rd London Chess Classic"]
[Site "London ENG"]
[Date "2011.12.04"]
[Round "2"]
[White "McShane, L."]
[Black "Carlsen, M."]
[Result "1/2-1/2"]
[WhiteElo "2671"]
[BlackElo "2826"]
[PlyCount "166"]
[EventDate "2011.12.03"]

1. e4 e5 2. Nf3 Nc6 3. Bb5 a6 4. Ba4 Nf6 5. O-O b5 6. Bb3 Bc5 7. c3 d6 8. a4
Rb8 9. d4 Bb6 10. axb5 axb5 11. Qd3 O-O 12. Bg5 h6 13. Bxf6 Qxf6 14. Qxb5 Na7
15. Qa4 Qg6 16. Re1 Bh3 17. g3 Qf6 18. Nbd2 Rbd8 19. Qc4 g5 20. Qd3 Bg4 21. Nc4
Nc6 22. Re3 Kg7 23. Kg2 h5 24. Nxb6 cxb6 25. h3 Bd7 26. Ba4 Ra8 27. Bxc6 Bxc6
28. Rxa8 Rxa8 29. Qc4 Rc8 30. Qa6 Rb8 31. d5 Bd7 32. h4 g4 33. Nd2 Qd8 34. Qa3
Qc7 35. Re1 b5 36. Ra1 b4 37. cxb4 Bb5 38. Qe3 f6 39. Qc3 Qb7 40. b3 Kg6 41.
Rc1 Qb6 42. Kg1 Be2 43. Qc6 Qd8 44. Nc4 Rxb4 45. Nxd6 Rb6 46. Qc2 Qxd6 47. Qxe2
Rxb3 48. Rd1 Rb4 49. Qc2 Rb8 50. Qc3 Ra8 51. Qc6 Rd8 52. Rb1 Qd7 53. Kg2 Qd6
54. Rb3 Qd7 55. Rb1 Qd6 56. Rb3 Qd7 57. Qa6 Qc8 58. Qd3 Qc5 59. Rc3 Qb4 60. Rc4
Qe1 61. Qc3 Qxc3 62. Rxc3 Ra8 63. Rd3 Kf7 64. f3 Ra2+ 65. Kf1 Ra1+ 66. Kf2 Ra2+
67. Kf1 Ra1+ 68. Ke2 Ra2+ 69. Rd2 gxf3+ 70. Ke1 Ra4 71. d6 Rxe4+ 72. Kf2 Ke8
73. Kxf3 Ra4 74. d7+ Kd8 75. Rd6 f5 76. Re6 Ra3+ 77. Kf2 e4 78. Rd6 Rf3+ 79.
Kg2 f4 80. gxf4 Rxf4 81. Kg3 Rf3+ 82. Kg2 Rf4 83. Kg3 Rf3+ 1/2-1/2

[Event "3rd London Chess Classic"]
[Site "London ENG"]
[Date "2011.12.04"]
[Round "2"]
[White "Howell, D."]
[Black "Adams, Mi"]
[Result "1/2-1/2"]
[WhiteElo "2633"]
[BlackElo "2734"]
[PlyCount "70"]
[EventDate "2011.12.03"]

1. e4 e5 2. Nf3 Nc6 3. Bb5 a6 4. Ba4 Nf6 5. O-O Be7 6. Re1 b5 7. Bb3 O-O 8. h3
Bb7 9. d3 d5 10. exd5 Nxd5 11. Nxe5 Nd4 12. Bd2 c5 13. Nc3 Nxb3 14. axb3 Nb4
15. Ne4 Qd5 16. Nf3 Rfe8 17. Bxb4 cxb4 18. c4 bxc3 19. bxc3 a5 20. d4 Bf8 21.
Ned2 Rxe1+ 22. Qxe1 a4 23. bxa4 bxa4 24. c4 Qa5 25. Qe3 a3 26. Ra2 Qa4 27. Qd3
h6 28. Nf1 Bxf3 29. gxf3 Rd8 30. Kg2 Bc5 31. d5 Rb8 32. Nd2 Qd1 33. Qf1 Qa4 34.
Qd3 Qd1 35. Qf1 Qa4 1/2-1/2

[Event "3rd London Chess Classic"]
[Site "London ENG"]
[Date "2011.12.04"]
[Round "2"]
[White "Short, N."]
[Black "Kramnik, V."]
[Result "0-1"]
[WhiteElo "2698"]
[BlackElo "2800"]
[PlyCount "86"]
[EventDate "2011.12.03"]

1. e4 e5 2. Nf3 Nc6 3. Bb5 Nf6 4. Nc3 Nd4 5. Nxd4 exd4 6. e5 dxc3 7. exf6 Qxf6
8. dxc3 Bc5 9. Qe2+ Qe6 10. O-O O-O 11. Qf3 d6 12. Bg5 Qf5 13. Be7 Qxf3 14.
gxf3 a6 15. Ba4 b5 16. b4 Re8 17. Rfe1 Bb6 18. Bb3 Bb7 19. Kg2 d5 20. Re5 c6
21. Rae1 Bc7 22. R5e2 Bc8 23. a4 Bd7 24. Bh4 Rxe2 25. Rxe2 Re8 26. Rxe8+ Bxe8
27. Bg3 Bd8 28. Be5 f6 29. Bb8 Bg6 30. axb5 axb5 31. Kf1 Kf7 32. Ke2 Ke6 33.
Ke3 Bb6+ 34. Ke2 Bh5 35. Ba2 g5 36. Bb3 f5 37. Ba2 f4 38. Bb3 Kf5 39. Bd6 g4
40. Kf1 g3 41. fxg3 fxg3 42. Bxg3 Bxf3 43. Ba2 Be3 0-1

[Event "71st Italian Championship"]
[Site "Perugia"]
[Date "2011.12.04"]
[Round "5"]
[White "Caruana, F."]
[Black "Ortega, L."]
[Result "1-0"]
[WhiteElo "2727"]
[BlackElo "2478"]
[PlyCount "107"]
[EventDate "2011.??.??"]

1. d4 d5 2. c4 c6 3. Nc3 Nf6 4. e3 g6 5. Nf3 Bg7 6. Be2 O-O 7. O-O Bg4 8. cxd5
cxd5 9. Qb3 Bc8 10. Ne5 Nc6 11. f4 Qb6 12. Bf3 Qxb3 13. axb3 e6 14. Bd2 Bd7 15.
g4 Rfd8 16. Be1 Be8 17. g5 Nh5 18. Nxc6 Bxc6 19. f5 Bf8 20. f6 h6 21. h4 Bd6
22. Kg2 e5 23. dxe5 Bxe5 24. Ra5 Bc7 25. Rxd5 Bxd5 26. Nxd5 Rd7 27. Bc3 Re8 28.
Nxc7 Rxc7 29. Kf2 b5 30. b4 Rc4 31. Rh1 a6 32. Bd5 Rg4 33. Bf3 Rc4 34. Rh3 Rd8
35. Rh2 Re8 36. Rh1 Rd8 37. Be2 Re4 38. Bf3 Rc4 39. Kg2 Re8 40. Kf2 Rd8 41. Rh2
Re8 42. Bd5 Rg4 43. Rg2 Rxh4 44. gxh6 Rf8 45. Rxg6+ Kh7 46. Rg7+ Kxh6 47. Rxf7
Rd8 48. e4 Kg6 49. Ra7 Nxf6 50. Rxa6 Rf4+ 51. Kg3 Rf1 52. Kg2 Rf4 53. Be5 Rxd5
54. Bxf4 1-0

[Event "71st Italian Championship"]
[Site "Perugia"]
[Date "2011.12.05"]
[Round "6"]
[White "Codenotti, M."]
[Black "Caruana, F."]
[Result "0-1"]
[WhiteElo "2293"]
[BlackElo "2727"]
[PlyCount "72"]
[EventDate "2011.??.??"]

1. e4 c5 2. Nf3 e6 3. d4 cxd4 4. Nxd4 a6 5. c4 Nf6 6. Nc3 Bb4 7. Qd3 Qc7 8. a3
Bxc3+ 9. Qxc3 O-O 10. Bd3 d6 11. O-O e5 12. Nc2 Be6 13. f4 exf4 14. Bxf4 Nbd7
15. Ne3 Nh5 16. Nf5 Bxf5 17. exf5 Nxf4 18. Rxf4 Rfe8 19. Rd1 Nf6 20. Qd4 Rad8
21. Be4 h6 22. g3 b5 23. Bf3 Re5 24. b4 Qe7 25. cxb5 axb5 26. Bc6 Rc8 27. Qb6
h5 28. h3 Re3 29. Rf3 Rxf3 30. Bxf3 Qe5 31. Qf2 Rc3 32. Kg2 Rxa3 33. Qe2 Re3
34. Qd2 Rb3 35. Re1 Qxf5 36. Bd1 Ne4 0-1

[Event "3rd London Chess Classic"]
[Site "London ENG"]
[Date "2011.12.05"]
[Round "3"]
[White "Anand, V."]
[Black "Howell, D."]
[Result "1/2-1/2"]
[WhiteElo "2811"]
[BlackElo "2633"]
[PlyCount "130"]
[EventDate "2011.12.03"]

1. d4 d5 2. c4 c6 3. Nf3 Nf6 4. Nc3 dxc4 5. a4 e6 6. e3 c5 7. Bxc4 Nc6 8. O-O
cxd4 9. exd4 Be7 10. Qe2 O-O 11. Rd1 Nd5 12. Qe4 Nf6 13. Qh4 Nb4 14. Bg5 b6 15.
Bd3 Nxd3 16. Rxd3 Ba6 17. Rd2 Bb7 18. d5 Bxd5 19. Nxd5 exd5 20. Nd4 Qd7 21. Rd3
Rfe8 22. Rh3 h5 23. Bxf6 Bxf6 24. Qxh5 g6 25. Qh7+ Kf8 26. Qh6+ Kg8 27. Qd2 Re4
28. Rd3 Rae8 29. b3 Bxd4 30. Rxd4 Re2 31. Qd1 Qf5 32. Qf1 R8e4 33. Rad1 Qe6 34.
Rxe4 Qxe4 35. g3 Kg7 36. h4 a5 37. Rd4 Qe6 38. Qg2 Re1+ 39. Kh2 Re4 40. Rxe4
dxe4 41. Qh1 Qxb3 42. Qxe4 Qb2 43. Kg2 b5 44. h5 bxa4 45. Qxa4 Qb7+ 46. Kg1
Qb1+ 47. Kg2 Qb7+ 48. Kg1 Qd5 49. Qa1+ Kh7 50. hxg6+ Kxg6 51. Qa4 Kf5 52. Kh2
Ke6 53. Qe8+ Kd6 54. Qd8+ Kc6 55. Qa8+ Kd6 56. Qd8+ Ke5 57. Qg5+ Ke6 58. Qe3+
Qe5 59. Qb6+ Ke7 60. Qb7+ Kf6 61. Qc6+ Kg7 62. Qc4 Qh5+ 63. Kg2 Qe5 64. Kh2
Qh5+ 65. Kg2 Qe5 1/2-1/2

[Event "3rd London Chess Classic"]
[Site "London ENG"]
[Date "2011.12.05"]
[Round "3"]
[White "Aronian, L."]
[Black "Short, N."]
[Result "1-0"]
[WhiteElo "2802"]
[BlackElo "2698"]
[PlyCount "119"]
[EventDate "2011.12.03"]

1. d4 Nf6 2. c4 e6 3. Nf3 b6 4. g3 Bb4+ 5. Bd2 Bxd2+ 6. Qxd2 Ba6 7. b3 O-O 8.
Bg2 d5 9. cxd5 exd5 10. O-O Qd6 11. Nc3 Nc6 12. Rac1 Rfe8 13. Qf4 Rad8 14. Rfe1
g6 15. a3 Kg7 16. Bf1 Na5 17. Qxd6 Rxd6 18. Nd2 Ne4 19. Ncxe4 dxe4 20. b4 Nc6
21. e3 Bxf1 22. Kxf1 Re7 23. Nc4 Rd8 24. Re2 f6 25. Rec2 Nb8 26. a4 Na6 27. Nd2
c5 28. bxc5 bxc5 29. Nb3 cxd4 30. Nxd4 Nb4 31. Rc7 Rdd7 32. Rxd7 Rxd7 33. a5
Kf7 34. g4 Nd5 35. Rc8 Ke7 36. h4 Rb7 37. h5 f5 38. hxg6 hxg6 39. gxf5 gxf5 40.
Nxf5+ Kd7 41. Rc5 Nb4 42. Ng3 Nc6 43. Nxe4 Rb1+ 44. Ke2 Ra1 45. f4 Rxa5 46. Rc2
Nb4 47. Rd2+ Ke7 48. Kf3 Rh5 49. Ng5 a5 50. e4 Rh1 51. e5 Rf1+ 52. Kg4 a4 53.
e6 a3 54. Rd7+ Ke8 55. Ne4 Nd5 56. Rxd5 a2 57. Rd7 a1=Q 58. Nd6+ Kf8 59. e7+
Kg8 60. e8=Q# 1-0

[Event "3rd London Chess Classic"]
[Site "London ENG"]
[Date "2011.12.06"]
[Round "4"]
[White "Carlsen, M."]
[Black "Kramnik, V."]
[Result "1/2-1/2"]
[WhiteElo "2826"]
[BlackElo "2800"]
[PlyCount "109"]
[EventDate "2011.12.03"]

1. d4 Nf6 2. c4 e6 3. Nc3 Bb4 4. Nf3 c5 5. g3 cxd4 6. Nxd4 O-O 7. Bg2 d5 8.
cxd5 Nxd5 9. Qb3 Qb6 10. Bxd5 exd5 11. Be3 Bxc3+ 12. Qxc3 Qa6 13. Qd3 Qxd3 14.
exd3 Bd7 15. Kd2 Nc6 16. Nxc6 Bxc6 17. Bd4 Rfe8 18. g4 Re6 19. Rae1 Bd7 20.
Rxe6 Bxe6 21. g5 a6 22. h4 Re8 23. h5 Bg4 24. h6 gxh6 25. gxh6 Re6 26. Be3 Kf8
27. Kc3 Rg6 28. Kd4 Bd7 29. Re1 Bc6 30. Kc5 Ke8 31. f4 Bd7 32. Bd4+ Re6 33.
Rxe6+ Bxe6 34. Kb6 Bf5 35. Kxb7 Bxd3 36. Kc6 Ke7 37. Kxd5 Bb1 38. a3 Ba2+ 39.
Ke4 Bb3 40. Kf5 Be6+ 41. Ke5 f6+ 42. Ke4 Bb3 43. Bc5+ Ke6 44. Kd4 a5 45. a4
Bxa4 46. Bb6 Kf5 47. Bxa5 Kxf4 48. Bd2+ Kg4 49. b4 f5 50. Ke5 Bb5 51. Bf4 Bd3
52. Be3 Bb5 53. Bf4 Bd3 54. Be3 Bb5 55. Bf4 1/2-1/2

[Event "3rd London Chess Classic"]
[Site "London ENG"]
[Date "2011.12.06"]
[Round "4"]
[White "Howell, D."]
[Black "McShane, L."]
[Result "0-1"]
[WhiteElo "2633"]
[BlackElo "2671"]
[PlyCount "74"]
[EventDate "2011.12.03"]

1. e4 e5 2. Nf3 Nc6 3. d4 exd4 4. Nxd4 Bb4+ 5. c3 Bc5 6. Nxc6 bxc6 7. Bd3 d6 8.
O-O Ne7 9. Nd2 O-O 10. b4 Bb6 11. a4 a5 12. Nc4 axb4 13. Nxb6 cxb6 14. cxb4 c5
15. Bb2 Be6 16. Re1 f6 17. Qd2 Nc6 18. Bc3 Qc7 19. b5 Na5 20. Bc2 Rfd8 21. Rab1
Kh8 22. Qf4 Ba2 23. Rb2 Bg8 24. Rbb1 Qf7 25. h3 h6 26. Re3 Bh7 27. Rd1 Qe7 28.
Bxa5 Rxa5 29. Red3 Qxe4 30. Rxd6 Qxf4 31. Rxd8+ Bg8 32. Bg6 Qc4 33. g3 Rxa4 34.
Re1 f5 35. Re7 f4 36. gxf4 Qxf4 37. Bf7 Qg5+ 0-1

[Event "3rd London Chess Classic"]
[Site "London ENG"]
[Date "2011.12.06"]
[Round "4"]
[White "Adams, Mi"]
[Black "Short, N."]
[Result "0-1"]
[WhiteElo "2734"]
[BlackElo "2698"]
[PlyCount "142"]
[EventDate "2011.12.03"]

1. e4 e6 2. d4 d5 3. Nd2 h6 4. Bd3 c5 5. dxc5 Bxc5 6. Ngf3 Nc6 7. O-O Nge7 8.
Qe2 O-O 9. Nb3 Bb6 10. c3 dxe4 11. Qxe4 Ng6 12. Bc4 Kh8 13. Qc2 Nce5 14. Nxe5
Nxe5 15. Be2 Qh4 16. g3 Qh3 17. Be3 Bxe3 18. fxe3 Ng4 19. Bxg4 Qxg4 20. Rad1 f6
21. Nd4 e5 22. Nf5 Be6 23. e4 Rfd8 24. Ne3 Qg6 25. Kg2 b5 26. b3 a5 27. c4 bxc4
28. bxc4 Qh5 29. h4 Bd7 30. Rf2 Bc6 31. Nd5 Rab8 32. Qe2 Qg6 33. Qf3 Rd7 34.
Kh2 Rdb7 35. Rdd2 a4 36. Qe3 Bd7 37. Qf3 Bg4 38. Qe3 Be6 39. Qf3 Rb1 40. Ne3
Rc1 41. Rd6 Qf7 42. Rfd2 Rbb1 43. g4 Kh7 44. h5 Rc3 45. Kg2 Rxe3 46. Qxe3 Bxg4
47. Rb6 Ra1 48. Qc3 Re1 49. Rf2 Rxe4 50. c5 Bxh5 51. Rb4 Bg6 52. Kh2 Qe6 53.
Rg2 Bf5 54. Rb7 Bg4 55. Rf2 f5 56. Rb4 Rxb4 57. Qxb4 e4 58. Qd4 e3 59. Rf1
Qxa2+ 60. Kg3 Qe2 61. Qf4 Qd2 62. Qe5 e2 63. Rg1 h5 64. c6 f4+ 65. Kh4 Qd8+ 66.
Qg5 Qxg5+ 67. Kxg5 f3 68. c7 f2 69. Rxg4 f1=Q 70. c8=Q Qf6+ 71. Kxh5 Qh6# 0-1

[Event "71st Italian Championship"]
[Site "Perugia"]
[Date "2011.12.07"]
[Round "7"]
[White "Caruana, F."]
[Black "Rombaldoni, D."]
[Result "1-0"]
[WhiteElo "2727"]
[BlackElo "2533"]
[PlyCount "81"]
[EventDate "2011.??.??"]

1. e4 c6 2. d4 d5 3. e5 Bf5 4. Nf3 e6 5. Be2 Nd7 6. O-O Ne7 7. Nbd2 h6 8. c3
Qc7 9. Nb3 g5 10. Ne1 O-O-O 11. Nd3 Ng6 12. Be3 f6 13. exf6 Bd6 14. h3 Nxf6 15.
Nbc5 Nf4 16. Bxf4 gxf4 17. Bg4 Bxg4 18. hxg4 Rdg8 19. f3 h5 20. Qe2 Qf7 21.
Qxe6+ Qxe6 22. Nxe6 hxg4 23. Nexf4 Rh4 24. Rae1 gxf3 25. Rxf3 Ne4 26. Nh3 Rg7
27. Ndf2 Nxf2 28. Nxf2 Rh2 29. g4 Rh8 30. Re6 Kd7 31. Ref6 Rhh7 32. Kf1 Be7 33.
R6f5 Bh4 34. Nd3 Be7 35. Ne5+ Kc7 36. Kg2 Bd6 37. Rh3 Rxh3 38. Kxh3 Rh7+ 39.
Kg3 Rh1 40. g5 Rg1+ 41. Kf2 1-0

[Event "3rd London Chess Classic"]
[Site "London ENG"]
[Date "2011.12.08"]
[Round "5"]
[White "Aronian, L."]
[Black "Carlsen, M."]
[Result "1/2-1/2"]
[WhiteElo "2802"]
[BlackElo "2826"]
[PlyCount "78"]
[EventDate "2011.12.03"]

1. Nf3 d5 2. d4 Nf6 3. c4 c6 4. e3 Bf5 5. Nc3 a6 6. Be2 h6 7. Qb3 Ra7 8. cxd5
cxd5 9. Bd2 e6 10. Ne5 Be7 11. Rc1 O-O 12. O-O Nfd7 13. Nxd7 Nxd7 14. a4 Nb8
15. e4 dxe4 16. d5 Nd7 17. Be3 Bc5 18. Nxe4 Bxe3 19. Qxe3 Qb6 20. Ng3 Qxe3 21.
fxe3 Bg6 22. dxe6 fxe6 23. Rfd1 Nf6 24. Rd6 Bf7 25. Bf3 a5 26. Rb6 Be8 27. Rxe6
Bxa4 28. Re7 Re8 29. Nf5 Rxe7 30. Nxe7+ Kf8 31. Nc8 Ra6 32. Bxb7 Re6 33. e4 Bd7
34. Rc5 Nxe4 35. Rxa5 Bxc8 36. Bxc8 Rc6 37. Rf5+ Nf6 38. Bb7 Rb6 39. Bf3 Rxb2
1/2-1/2